<?xml version="1.0" encoding="UTF-8"?>
<record
    xmlns:xsi="http://www.w3.org/2001/XMLSchema-instance"
    xsi:schemaLocation="http://www.loc.gov/MARC21/slim http://www.loc.gov/standards/marcxml/schema/MARC21slim.xsd"
    xmlns="http://www.loc.gov/MARC21/slim">

  <leader>00393nam a22001337a 4500</leader>
  <datafield tag="082" ind1=" " ind2=" ">
    <subfield code="a">346.73066 </subfield>
    <subfield code="b">NYA</subfield>
  </datafield>
  <datafield tag="100" ind1=" " ind2=" ">
    <subfield code="a">Nyazee, Imran Ahsan Khan </subfield>
  </datafield>
  <datafield tag="245" ind1=" " ind2=" ">
    <subfield code="a">Corporate Law (Negotiable Instruments and Partnerships) /</subfield>
    <subfield code="c">Imran Ahsan Khan Nyazee.</subfield>
  </datafield>
  <datafield tag="260" ind1=" " ind2=" ">
    <subfield code="a">Islamabad:</subfield>
    <subfield code="b">Advance Legal Studies Institute,</subfield>
    <subfield code="c">2022.</subfield>
  </datafield>
  <datafield tag="300" ind1=" " ind2=" ">
    <subfield code="a">689p. ;</subfield>
  </datafield>
  <datafield tag="563" ind1=" " ind2=" ">
    <subfield code="a">HB</subfield>
  </datafield>
  <datafield tag="650" ind1=" " ind2=" ">
    <subfield code="a">Law</subfield>
    <subfield code="9">35302</subfield>
  </datafield>
  <datafield tag="942" ind1=" " ind2=" ">
    <subfield code="2">ddc</subfield>
    <subfield code="c">BK</subfield>
  </datafield>
  <datafield tag="999" ind1=" " ind2=" ">
    <subfield code="c">613061</subfield>
    <subfield code="d">613061</subfield>
  </datafield>
  <datafield tag="952" ind1=" " ind2=" ">
    <subfield code="0">0</subfield>
    <subfield code="1">0</subfield>
    <subfield code="2">ddc</subfield>
    <subfield code="4">0</subfield>
    <subfield code="6">346_730660000000000_NYA</subfield>
    <subfield code="7">0</subfield>
    <subfield code="9">637929</subfield>
    <subfield code="a">NLS</subfield>
    <subfield code="b">NLS</subfield>
    <subfield code="d">2025-03-03</subfield>
    <subfield code="l">1</subfield>
    <subfield code="o">346.73066  NYA</subfield>
    <subfield code="p">NLS-673</subfield>
    <subfield code="q">2026-03-27</subfield>
    <subfield code="r">2026-02-25</subfield>
    <subfield code="s">2026-02-25</subfield>
    <subfield code="w">2025-03-03</subfield>
    <subfield code="y">BK</subfield>
  </datafield>
  <datafield tag="952" ind1=" " ind2=" ">
    <subfield code="0">0</subfield>
    <subfield code="1">0</subfield>
    <subfield code="2">ddc</subfield>
    <subfield code="4">0</subfield>
    <subfield code="6">346_730660000000000_NYA</subfield>
    <subfield code="7">0</subfield>
    <subfield code="9">637930</subfield>
    <subfield code="a">NLS</subfield>
    <subfield code="b">NLS</subfield>
    <subfield code="d">2025-03-03</subfield>
    <subfield code="l">2</subfield>
    <subfield code="o">346.73066  NYA</subfield>
    <subfield code="p">NLS-674</subfield>
    <subfield code="q">2026-03-25</subfield>
    <subfield code="r">2026-02-23</subfield>
    <subfield code="s">2026-02-23</subfield>
    <subfield code="w">2025-03-03</subfield>
    <subfield code="y">BK</subfield>
  </datafield>
  <datafield tag="952" ind1=" " ind2=" ">
    <subfield code="0">0</subfield>
    <subfield code="1">0</subfield>
    <subfield code="2">ddc</subfield>
    <subfield code="4">0</subfield>
    <subfield code="6">346_730660000000000_NYA</subfield>
    <subfield code="7">0</subfield>
    <subfield code="9">637931</subfield>
    <subfield code="a">NLS</subfield>
    <subfield code="b">NLS</subfield>
    <subfield code="d">2025-03-03</subfield>
    <subfield code="l">2</subfield>
    <subfield code="o">346.73066  NYA</subfield>
    <subfield code="p">NLS-675</subfield>
    <subfield code="r">2025-12-12</subfield>
    <subfield code="s">2025-05-05</subfield>
    <subfield code="w">2025-03-03</subfield>
    <subfield code="y">BK</subfield>
  </datafield>
</record>
